[Event "Remote Easter email"]
[Site "Remote email"]
[Date "2013.04.01"]
[Round "?"]
[White "Sevilla, Andres"]
[Black "Klein, Werner"]
[Result "1-0"]
[WhiteElo "2410"]
[BlackElo "1730"]
[PlyCount "49"]
[EventDate "2013.??.??"]
[EventType "tourn (corr)"]
[EventRounds "8"]
[EventCountry "GER"]
[SourceTitle "Corr 2015"]
[Source "ChessBase"]
[SourceDate "2015.07.17"]
[SourceVersion "1"]
[SourceVersionDate "2015.07.17"]
[SourceQuality "1"]

1. Nf3 d5 2. d4 Nf6 3. c4 e6 4. Nc3 Nbd7 5. cxd5 Nxd5 6. e4 N5b6 7. Be2 Be7 8. 0-0 0-0 9. Bf4 a6 10. Rc1 f5 11. exf5 exf5 12. Re1 Nf6 13. Bxc7 Qxc7 14. Qb3+ Kh8 15. Na4 Qd6 16. Nxb6 Rb8 17. Nxc8 Rbxc8 18. Rxc8 Rxc8 19. Ne5 Qd5 20. Bc4 Qa5 21. Nf7+ Kg8 22. Rxe7 Rf8 23. Re5 b5 24. Qe3 bxc4 25. Rxa5 1-0

[Event "Remote S7 Top 60 email"]
[Site "Remote email"]
[Date "2012.04.26"]
[Round "?"]
[White "Class, Wolfgang"]
[Black "Sevilla, Andres"]
[Result "1/2-1/2"]
[WhiteElo "2454"]
[BlackElo "2427"]
[PlyCount "65"]
[EventDate "2012.??.??"]
[EventType "tourn (corr)"]
[EventRounds "6"]
[EventCountry "GER"]
[SourceTitle "Corr 2015"]
[Source "ChessBase"]
[SourceDate "2015.07.17"]
[SourceVersion "1"]
[SourceVersionDate "2015.07.17"]
[SourceQuality "1"]

1. d4 d5 2. c4 c6 3. Nf3 Nf6 4. Nc3 e6 5. Bg5 h6 6. Bh4 dxc4 7. e4 g5 8. Bg3 b5 9. Be2 Bb7 10. 0-0 Nbd7 11. Ne5 Bg7 12. Nxd7 Nxd7 13. Bd6 a6 14. a4 e5 15. Bg4 exd4 16. e5 c5 17. Re1 Nxe5 18. Bxe5 0-0 19. Bxg7 Kxg7 20. Ne2 f5 21. Bh5 f4 22. b3 Bc6 23. bxc4 bxc4 24. Qc2 d3 25. Qxc4 dxe2 26. Qxc5 Qf6 27. Rac1 Bxa4 28. Rxe2 Bb5 29. Re7+ Kh8 30. Rc7 Rad8 31. Qa7 Qd4 32. Qb7 f3 33. Bxf3 1/2-1/2

[Event "Remote 7er 0087 email"]
[Site "Remote email"]
[Date "2012.01.16"]
[Round "?"]
[White "Sevilla, Andres"]
[Black "Ahrens, Gerhard"]
[Result "1-0"]
[WhiteElo "2427"]
[BlackElo "2210"]
[PlyCount "79"]
[EventDate "2012.??.??"]
[EventType "tourn (corr)"]
[EventRounds "6"]
[EventCountry "GER"]
[SourceTitle "Corr 2015"]
[Source "ChessBase"]
[SourceDate "2015.07.17"]
[SourceVersion "1"]
[SourceVersionDate "2015.07.17"]
[SourceQuality "1"]

1. e4 e5 2. Nf3 Nf6 3. d4 Nxe4 4. Bd3 d5 5. Nxe5 Nd7 6. Nxd7 Bxd7 7. 0-0 Qh4 8. c4 0-0-0 9. Nc3 Nf6 10. c5 Re8 11. Be2 h5 12. Bf3 Bg4 13. Bf4 Bxf3 14. Qxf3 Qg4 15. Qxg4+ hxg4 16. b4 Nh5 17. Be3 c6 18. b5 f5 19. Bd2 Be7 20. Rab1 Bd8 21. Rb3 Bc7 22. g3 Nf6 23. Ra3 Bb8 24. Rb1 Ne4 25. Nxe4 Rxe4 26. bxc6 bxc6 27. Rab3 Bc7 28. Bc3 Re6 29. Rb7 Reh6 30. h4 gxh3 31. Bd2 Rh5 32. Rxa7 Re8 33. Kh1 g5 34. Rb2 f4 35. gxf4 gxf4 36. Ra8+ Kd7 37. Rxe8 Kxe8 38. a4 Kd7 39. a5 Rh4 40. a6 1-0

[Event "Remote 7er 0087 email"]
[Site "Remote email"]
[Date "2012.01.16"]
[Round "?"]
[White "Valverde Lopez, Mario"]
[Black "Sevilla, Andres"]
[Result "0-1"]
[WhiteElo "1870"]
[BlackElo "2427"]
[PlyCount "80"]
[EventDate "2012.??.??"]
[EventType "tourn (corr)"]
[EventRounds "6"]
[EventCountry "GER"]
[SourceTitle "Corr 2015"]
[Source "ChessBase"]
[SourceDate "2015.07.17"]
[SourceVersion "1"]
[SourceVersionDate "2015.07.17"]
[SourceQuality "1"]

1. d4 Nf6 2. g4 Nxg4 3. e4 d6 4. Be2 Nf6 5. Nc3 g6 6. Nf3 Bg7 7. Be3 c6 8. Qd2 b5 9. e5 Ng4 10. exd6 Nxe3 11. Qxe3 Qxd6 12. h4 h5 13. 0-0-0 Qe6 14. Qd3 b4 15. Ng5 Bh6 16. Nb5 Qd7 17. Qb3 Bxg5+ 18. hxg5 cxb5 19. Qxb4 Nc6 20. Qc5 a6 21. d5 Nd8 22. Qc3 Rg8 23. Kb1 Nb7 24. Qd4 Qc7 25. Rhe1 Bf5 26. Bd3 Nd6 27. Qf4 Qd7 28. Bxf5 Nxf5 29. Qd2 Kf8 30. Re4 Kg7 31. Qc3+ Kh7 32. Qd3 Rac8 33. a3 Rgd8 34. Rd2 Rc5 35. Re5 f6 36. gxf6 exf6 37. Re6 Rxd5 38. Qxd5 Qxd5 39. Rxd5 Rxd5 40. Rxf6 Rd1+ 0-1

[Event "Remote Superturnier 13 email"]
[Site "Remote email"]
[Date "2011.05.22"]
[Round "?"]
[White "Allerberger, Peter"]
[Black "Sevilla, Andres"]
[Result "1-0"]
[WhiteElo "2526"]
[BlackElo "2412"]
[PlyCount "125"]
[EventDate "2011.??.??"]
[EventType "tourn (corr)"]
[EventRounds "14"]
[EventCountry "GER"]
[SourceTitle "Corr 2015"]
[Source "ChessBase"]
[SourceDate "2015.07.17"]
[SourceVersion "1"]
[SourceVersionDate "2015.07.17"]
[SourceQuality "1"]

1. e4 e5 2. Nf3 Nc6 3. Bb5 a6 4. Bxc6 dxc6 5. 0-0 Qd6 6. Na3 Be6 7. Qe2 f6 8. d4 Bg4 9. dxe5 fxe5 10. Nc4 Qe6 11. b3 Nf6 12. Bb2 Bd6 13. h3 Bxf3 14. Qxf3 0-0 15. Qe2 b5 16. Nxd6 cxd6 17. a4 h6 18. Rfd1 b4 19. Rd2 a5 20. Rad1 Ne8 21. f3 Rf6 22. Qd3 Rf7 23. Qf1 Kh7 24. Kh2 Kg8 25. Qe2 Rd7 26. Qd3 Rb7 27. Qe3 Rd7 28. f4 exf4 29. Qxf4 Rf7 30. Qe3 Re7 31. e5 d5 32. Qg3 Nc7 33. Rf2 Kh7 34. c3 Na6 35. Qe3 Qg6 36. Rf3 Rae8 37. Rg3 Qf5 38. Qd4 Qe4 39. Qf2 Kg8 40. cxb4 Nxb4 41. Bc3 Nc2 42. Rdd3 d4 43. Bb2 Ne3 44. Rxd4 Qxe5 45. Rf4 Qc7 46. Bxg7 Rxg7 47. Rxe3 Rf8 48. Ree4 Rxf4 49. Rxf4 Qe5 50. g3 Re7 51. h4 Qd5 52. b4 axb4 53. Rxb4 Qe6 54. Rb6 Qe2 55. Qxe2 Rxe2+ 56. Kh3 Ra2 57. Rxc6 Kg7 58. Rc4 h5 59. Rc5 Kh6 60. a5 Kg6 61. Rb5 Ra1 62. Rg5+ Kh6 63. Kg2 1-0

[Event "Remote Superturnier 13 email"]
[Site "Remote email"]
[Date "2011.05.22"]
[Round "?"]
[White "Foerster, Hans Juergen"]
[Black "Sevilla, Andres"]
[Result "0-1"]
[WhiteElo "2235"]
[BlackElo "2412"]
[PlyCount "46"]
[EventDate "2011.??.??"]
[EventType "tourn (corr)"]
[EventRounds "14"]
[EventCountry "GER"]
[SourceTitle "Corr 2015"]
[Source "ChessBase"]
[SourceDate "2015.07.17"]
[SourceVersion "1"]
[SourceVersionDate "2015.07.17"]
[SourceQuality "1"]

1. e4 d5 2. exd5 Nf6 3. d4 Bg4 4. f3 Bf5 5. g4 Bg6 6. c4 e6 7. Qb3 exd5 8. g5 Nh5 9. Qxb7 Nd7 10. Qxd5 Bb4+ 11. Kf2 0-0 12. Ne2 Qe7 13. Nbc3 Rfe8 14. Kg2 c5 15. Nb5 cxd4 16. Nbxd4 Ne5 17. a3 Be1 18. h4 Rad8 19. Qb5 Nxf3 20. Nxf3 Qe4 21. Rh3 Qg4+ 22. Kh2 Rxe2+ 23. Bxe2 Bg3+ 0-1